000 00658nam a2200217Ia 4500
003 GCL
008 140319s9999 xx 000 0 ara d
040 _aGCL /
_cGCL
082 0 4 _a325.346651
_bا ن
100 1 _aابراهيم نصرالدين
245 1 0 _aنامبيا قضية الاستقلال الصعب /
_cابراهيم نصرالدين
260 _a[S.N] :
_bدار المستقبل العربى ،
_c1985
300 _a150 ص
490 _a
650 0 4 _aالدول النامية
650 0 4 _aناميبيا
650 0 4 _aالاستقلال
650 0 4 _aالاستعمار
650 0 4 _aجنوب افريقيا
942 _2ddc
_cBK
999 _c30924
_d30924